000 00329pab a2200145 454500
008 180718b2002 xxu||||| |||| 00| 0 eng d
100 _aJoshi, S.C.
245 _aMicrocredit not charity
260 _c2002
300 _ap.12-13
362 _aFeb
650 _aAgricultural credit
773 _aSocial Welfare
909 _a51399
999 _c51399
_d51399